Performance of TM clones in rubber plantation (Record no. 64801)

MARC details
000 -LEADER
fixed length control field 00405nam a2200133Ia 4500
100 ## - MAIN ENTRY--AUTHOR NAME
Personal name Supriyanto
245 #0 - TITLE STATEMENT
Title Performance of TM clones in rubber plantation
260 ## - PUBLICATION, DISTRIBUTION, ETC. (IMPRINT)
Name of publisher In: Prosidings of the Lokakarya Nasional Pemuliaan Tanaman Karet, Medan 1992; p41-47
650 ## - SUBJECT ADDED ENTRY--TOPICAL TERM
Topical Term Rubber plantation
700 ## - ADDED ENTRY--PERSONAL NAME
Personal name Basuki
700 ## - ADDED ENTRY--PERSONAL NAME
Personal name Nasution Usman
942 ## - ADDED ENTRY ELEMENTS (KOHA)
Koha item type Journals
Holdings
Withdrawn status Lost status Damaged status Not for loan Home library Current library Shelving location Date acquired Koha item type
      Journals RRII Library RRII Library Botany 17/12/2021 Journals